000 00760nam a22002417a 4500
005 20170124110123.0
010 _aA-953284
020 _c60.00
_a8126004959
035 _aA-953284
037 _bCen Lib/Ret
040 _aDPL
_bEN
082 _aS
_bAAD
100 _aAadhavan
_931046
245 _aFirst come the night :
_c by Aadhavan ; translated by Sunderesan
_bMudhalil iravu varum /
260 _aNew Delhi
_bSahitya Akademi
_c1998
270 _aRabindra Bhavan,35,Ferozeshah Road
_bNew Delhi
_e110001
300 _a140p.
_c21cm(Hb)
490 _aSahatya Akademi Award winning Tamil Short stories
650 _aShort stories, Tamil
_9106196
650 _aShort stories, Telugu
_929245
700 _aSunderesan
_9106197
942 _2ddc
_cEN
_hS
_mAAD
999 _c131170
_d131170